00661cam a22002171 4500001001300000003000400013005001700017008004100034010001700075035001900092040001800111042001200129050002600141082001000167100003100177245008200208260008300290300001800373490003500391999001700426ca 36001495 DLC20260227111144.0790625s1932 ohu 000 0 eng  aca 36001495  a(OCoLC)5107321 aDLCcOCldDLC apremarc00aPS3515.U2735bP8 1932 a812.51 aHughes, Glenn,d1894-1964.14aThe purple cottage,ba polite comedy in one act, 3 m. 1 w.,cby Glenn Hughes. aFranklin, O[hio],aDenver, Colo.,bEldridge entertainment house, inc.,cc1932. a19 p.c19 cm.0 aEldridge popular one act plays c18308d18308